| 000 | 00563nam a22001697a 4500 | ||
|---|---|---|---|
| 003 | SGT | ||
| 020 | _a9789383864300 | ||
| 082 |
_a615.53 _bQ18D |
||
| 100 | _aDHIMAN, VAIDYA K.S,ed. | ||
| 245 | _aQUALITY SAFETY AND BIOLOGICAL SCREENING OF MEDICINAL PLANTS USED IN AYURVEDA & SIDHA AND FORMULATIONS FORIMMULATED EFICIENCY | ||
| 250 | _a1ST | ||
| 260 |
_aNEW DELHI _bCCRAS _c2018 |
||
| 300 | _a474 | ||
| 650 | _aAYURVEDA | ||
| 653 | _aQUALITY, SAFETY, BIOLOGICAL, SCREENING , MEDICINAL, PLANTS, USED, AYURVEDA, SIDHA , FORIMMULATED, EFICIENCY | ||
| 942 |
_2ddc _cBK |
||
| 999 |
_c34643 _d34643 |
||